| 000 | 00765nam a22002297a 4500 | ||
|---|---|---|---|
| 003 | URS | ||
| 005 | 20250327172517.0 | ||
| 008 | 250227t2024 ii ||||| |||| 00| 0 eng d | ||
| 020 | _a9788119523061 | ||
| 040 |
_aDLC _beng _cDLC _dDLC _dURS _erda |
||
| 082 |
_a410.285 _bL2692 2024 |
||
| 100 |
_aDsilva, Adrian. _eauthor |
||
| 245 |
_aLanguage processing and knowledge extraction / _cAdrian Dsilva. |
||
| 264 |
_aIndia : _bDiscovery Publishing House. _c[2024] |
||
| 300 |
_av, 261 pages ; _c28 cm |
||
| 336 |
_2rdacontent _atext _btxt |
||
| 337 |
_2rdamedia _aunmediated _bn |
||
| 338 |
_2rdacarrier _avolume _bnc |
||
| 504 | _aIncludes bibliographical references (pages 255-257) and index. | ||
| 650 | _aNatural language processing (Computer Science) | ||
| 942 |
_2ddc _cFR |
||
| 999 |
_c82201 _d82200 |
||